Improved dechlorinating performance of upflow anaerobic sludge blanket reactors by incorporation of dehalospirillum multivorans into granular sludge /
Đã lưu trong:
| 其他作者: | , , , |
|---|---|
| 格式: | Bài viết |
| 语言: | English |
| 主题: | |
| 标签: |
添加标签
没有标签, 成为第一个标记此记录!
|
| Thư viện lưu trữ: | Thư viện Trường Đại học Đà Lạt |
|---|
| LEADER | 01060nam a2200337 4500 | ||
|---|---|---|---|
| 001 | DLU090091475 | ||
| 005 | ##20091201 | ||
| 040 | # | # | |a DLU |b eng |
| 041 | # | # | |a eng |
| 044 | # | # | |a us |
| 245 | # | # | |a Improved dechlorinating performance of upflow anaerobic sludge blanket reactors by incorporation of dehalospirillum multivorans into granular sludge / |c Christine Horber ... [et al.]. |
| 653 | # | # | |a Biodegradation |
| 653 | # | # | |a Chlorine |
| 653 | # | # | |a Dechlorination |
| 653 | # | # | |a Ethylene |
| 653 | # | # | |a Inoculation |
| 653 | # | # | |a Optimization |
| 700 | # | # | |a Ahring, Birgitte K. |
| 700 | # | # | |a Arvin, Erik. |
| 700 | # | # | |a Christiansen, Nina. |
| 700 | # | # | |a Horber, Christine |
| 773 | # | # | |t Applied and Environmental Microbiology |g Vol. 64, no. 5 (May 1998), p. 1860-1863 |
| 920 | # | # | |a Phòng Tạp chí -- Trung tâm Thông tin - Thư viện Trường Đại học Đà Lạt |
| 994 | # | # | |a DLU |
| 900 | # | # | |a True |
| 911 | # | # | |a Trương Bảo Trâm Anh |
| 925 | # | # | |a G |
| 926 | # | # | |a A |
| 927 | # | # | |a BB |
| 980 | # | # | |a Thư viện Trường Đại học Đà Lạt |